[Event "Campeonato España Sub 12"]
[Site "Salobreña"]
[Date "2017.07.14"]
[Round "8"]
[White "Maldonado Mena, German"]
[Black "Rivero Castellano, Carlos Jesus"]
[Result "0-1"]
[Board "20"]
[WhiteClock "1:29"]
[WhiteElo "1620"]
[WhiteCountry "ESP"]
[WhiteFideId "24516422"]
[WhiteEloChange "-18"]
[BlackClock "1:30"]
[BlackElo "1263"]
[BlackCountry "ESP"]
[BlackFideId "24562491"]
[BlackEloChange "18"]

1. d4 {[%clk 1:30:00]} d5 {[%clk 1:30:00]} 2. Bf4 {[%clk 1:30:00]} Nf6 {[%clk
1:29:00]} 3. Nf3 {[%clk 1:27:00]} Nc6 {[%clk 1:29:00]} 4. e3 {[%clk 1:27:00]} a6
{[%clk 1:28:00]} 5. c3 {[%clk 1:24:00]} Bf5 {[%clk 1:27:00]} 6. Bd3 {[%clk
1:21:00]} Bg6 {[%clk 1:28:00]} 7. Bxg6 {[%clk 1:15:00]} hxg6 {[%clk 1:27:00]} 8.
h3 {[%clk 1:15:00]} e6 {[%clk 1:27:00]} 9. Nbd2 {[%clk 1:14:00]} Bd6 {[%clk
1:27:00]} 10. Ne5 {[%clk 1:14:00]} Bxe5 {[%clk 1:27:00]} 11. dxe5 {[%clk
1:12:00]} Nd7 {[%clk 1:27:00]} 12. Nf3 {[%clk 1:01:00]} Nb6 {[%clk 1:25:00]} 13.
Qc2 {[%clk 1:01:00]} Qd7 {[%clk 1:25:00]} 14. O-O-O {[%clk 1:01:00]} O-O-O {[%clk
1:23:00]} 15. Rhe1 {[%clk 0:50:00]} Rhf8 {[%clk 1:20:00]} 16. Nd2 {[%clk
0:47:00]} Qe8 {[%clk 1:17:00]} 17. Kb1 {[%clk 0:31:00]} Rd7 {[%clk 1:08:00]} 18.
c4 {[%clk 0:30:00]} dxc4 {[%clk 0:55:00]} 19. Nxc4 {[%clk 0:30:00]} Nxc4 {[%clk
0:55:00]} 20. Qxc4 {[%clk 0:30:00]} Qd8 {[%clk 0:54:00]} 21. Rxd7 {[%clk
0:29:00]} Qxd7 {[%clk 0:53:00]} 22. a3 {[%clk 0:03:52]} Rd8 {[%clk 0:53:00]} 23.
e4 {[%clk 0:01:37]} Qe7 {[%clk 0:50:00]} 24. Qc1 {[%clk 0:01:10]} Qd7 {[%clk
0:49:00]} 25. Bg5 {[%clk 0:01:26]} Qd3+ {[%clk 0:47:00]} 26. Ka1 {[%clk 0:01:44]}
Rd7 {[%clk 0:47:00]} 27. Bf4 {[%clk 0:00:35]} Nd4 {[%clk 0:45:00]} 28. Ka2 {[%clk
0:00:42]} Qb3+ {[%clk 0:45:00]} 29. Kb1 {[%clk 0:00:59]} Nb5 {[%clk 0:44:00]} 30.
Ka1 {[%clk 0:01:04]} Qa4 {[%clk 0:43:00]} 31. Be3 {[%clk 0:00:36]} Qxe4 {[%clk
0:41:00]} 32. Bg5 {[%clk 0:00:33]} Qxg2 {[%clk 0:41:00]} 33. Be3 {[%clk 0:00:32]}
Nd4 {[%clk 0:36:00]} 34. Bxd4 {[%clk 0:00:39]} Rxd4 {[%clk 0:36:00]} 35. Qc5
{[%clk 0:00:38]} Rd8 {[%clk 0:35:00]} 36. Qa7 {[%clk 0:00:32]} c6 {[%clk
0:35:00]} 37. Rc1 {[%clk 0:00:32]} Kc7 {[%clk 0:33:00]} 38. Qc5 {[%clk 0:00:47]}
Qd5 {[%clk 0:32:00]} 39. Qc3 {[%clk 0:00:53]} Qd4 {[%clk 0:32:00]} 40. Qa5+
{[%clk 0:00:47]} Qb6 {[%clk 0:33:00]} 41. Qc3 {[%clk 0:00:48]} Qxf2 {[%clk
0:32:00]} 42. Qa5+ {[%clk 0:00:53]} Qb6 {[%clk 0:33:00]} 43. Qc3 {[%clk 0:00:47]}
Rd4 {[%clk 0:32:00]} 44. Rf1 {[%clk 0:00:32]} Rd7 {[%clk 0:32:00]} 45. h4 {[%clk
0:00:34]} Kd8 {[%clk 0:32:00]} 46. h5 {[%clk 0:00:33]} gxh5 {[%clk 0:31:00]} 47.
Rc1 {[%clk 0:00:31]} Kc8 {[%clk 0:30:00]} 48. Qg3 {[%clk 0:00:32]} g6 {[%clk
0:30:00]} 49. Qf4 {[%clk 0:00:41]} Qd4 {[%clk 0:30:00]} 50. Qf1 {[%clk 0:00:32]}
Qxe5 {[%clk 0:30:00]} 51. Qf2 {[%clk 0:00:32]} Qd4 {[%clk 0:30:00]} 52. Qc2
{[%clk 0:00:31]} Qd2 {[%clk 0:30:00]} 53. Qc5 {[%clk 0:00:38]} Qh6 {[%clk
0:29:00]} 54. Rb1 {[%clk 0:00:32]} h4 {[%clk 0:29:00]} 55. Qc3 {[%clk 0:00:33]}
h3 {[%clk 0:29:00]} 56. Rh1 {[%clk 0:00:45]} h2 {[%clk 0:29:00]} 57. Qg3 {[%clk
0:00:31]} Rd2 {[%clk 0:29:00]} 58. Qe5 {[%clk 0:00:32]} Rg2 {[%clk 0:29:00]} 59.
Ka2 {[%clk 0:00:49]} Qd2 {[%clk 0:28:00]} 60. Qh8+ {[%clk 0:00:50]} Qd8 {[%clk
0:28:00]} 61. Rxh2 {[%clk 0:00:31]} Qxh8 {[%clk 0:28:00]} 62. Rxh8+ {[%clk
0:00:53]} Kc7 {[%clk 0:27:00]} 63. Rh7 {[%clk 0:01:13]} Rf2 {[%clk 0:28:00]} 64.
Kb3 {[%clk 0:01:20]} Kd6 {[%clk 0:28:00]} 65. Kc4 {[%clk 0:01:20]} b5+ {[%clk
0:28:00]} 66. Kc3 {[%clk 0:01:40]} e5 {[%clk 0:28:00]} 67. Rh3 {[%clk 0:00:32]}
e4 {[%clk 0:28:00]} 68. Kd4 {[%clk 0:00:33]} Rf4 {[%clk 0:28:00]} 69. Re3 {[%clk
0:00:32]} c5+ {[%clk 0:28:00]} 0-1

[Event "Campeonato España Sub 12"]
[Site "Salobreña"]
[Date "2017.07.14"]
[Round "8"]
[White "Gonzalez Manrique, Mario"]
[Black "Sanchez Lopez, Jesus"]
[Result "1/2-1/2"]
[Board "21"]
[WhiteElo "1465"]
[WhiteCountry "ESP"]
[WhiteFideId "24509078"]
[WhiteEloChange "4"]
[BlackElo "1606"]
[BlackCountry "ESP"]
[BlackFideId "24500011"]
[BlackEloChange "-4"]

1. e4 {[%clk 1:30:30]} e5 {[%clk 1:30:30]} 2. Nc3 {[%clk 1:30:30]} Nc6 {[%clk
1:30:30]} 3. Bc4 {[%clk 1:30:30]} Nf6 {[%clk 1:30:30]} 4. d3 {[%clk 1:30:30]} h6
{[%clk 1:30:30]} 5. f4 {[%clk 1:30:30]} Bc5 {[%clk 1:30:30]} 6. Nf3 {[%clk
1:30:30]} d6 {[%clk 1:30:30]} 7. f5 {[%clk 1:30:30]} Ng4 {[%clk 1:30:30]} 8. Rf1
{[%clk 1:30:30]} Nxh2 {[%clk 1:30:30]} 9. Rh1 {[%clk 1:30:30]} Ng4 {[%clk
1:30:30]} 10. Ng5 {[%clk 1:30:30]} d5 {[%clk 1:30:30]} 11. Nxf7 {[%clk 1:30:30]}
Kxf7 {[%clk 1:30:30]} 12. Bxd5+ {[%clk 1:30:30]} Kf8 {[%clk 1:30:30]} 13. Qxg4
{[%clk 1:30:30]} Qf6 {[%clk 1:30:30]} 14. Bg5 {[%clk 1:30:30]} Qg6 {[%clk
1:30:30]} 15. Qg3 {[%clk 1:30:30]} Qe8 {[%clk 1:30:30]} 16. Bd2 {[%clk 1:30:30]}
Bd7 {[%clk 1:30:30]} 17. a3 {[%clk 1:30:30]} Nd4 {[%clk 1:30:30]} 18. Rc1 {[%clk
1:30:30]} c6 {[%clk 1:30:30]} 19. Ba2 {[%clk 1:30:30]} Be7 {[%clk 1:30:30]} 20.
Rxh6 {[%clk 1:30:30]} Rxh6 {[%clk 1:30:30]} 21. Bxh6 {[%clk 1:30:30]} Bf6 {[%clk
1:30:30]} 22. Bg5 {[%clk 1:30:30]} Qd8 {[%clk 1:30:30]} 23. Bxf6 {[%clk 1:30:30]}
Qxf6 {[%clk 1:30:30]} 24. Ne2 {[%clk 1:30:30]} Qh6 {[%clk 1:30:30]} 25. Qxe5
{[%clk 1:30:30]} Nxe2 {[%clk 1:30:30]} 26. Qc5+ {[%clk 1:30:30]} Ke8 {[%clk
1:30:30]} 27. Qe5+ {[%clk 1:30:30]} Kf8 {[%clk 1:30:30]} 28. Qc5+ {[%clk
1:30:30]} Ke8 {[%clk 1:30:30]} 29. Qe5+ {[%clk 1:30:30]} Kf8 {[%clk 1:30:30]} 30.
Qc5+ {[%clk 1:30:30]} Ke8 {[%clk 1:30:30]} 1/2-1/2

[Event "Campeonato España Sub 12"]
[Site "Salobreña"]
[Date "2017.07.14"]
[Round "8"]
[White "Ruiz Pardo, Claudia"]
[Black "Sureda Gonzalez, Miquel"]
[Result "0-1"]
[Board "22"]
[WhiteElo "1588"]
[WhiteCountry "ESP"]
[WhiteFideId "24533190"]
[WhiteEloChange "-17"]
[BlackElo "1265"]
[BlackCountry "ESP"]
[BlackFideId "24564680"]
[BlackEloChange "17"]

1. e4 {[%clk 1:30:30]} c5 {[%clk 1:30:30]} 2. Nf3 {[%clk 1:30:30]} d6 {[%clk
1:30:30]} 3. d4 {[%clk 1:30:30]} cxd4 {[%clk 1:30:30]} 4. Qxd4 {[%clk 1:30:30]}
Nc6 {[%clk 1:30:30]} 5. Bb5 {[%clk 1:30:30]} Bd7 {[%clk 1:30:30]} 6. Bxc6 {[%clk
1:30:30]} Bxc6 {[%clk 1:30:30]} 7. Nc3 {[%clk 1:30:30]} Nf6 {[%clk 1:30:30]} 8.
Bg5 {[%clk 1:30:30]} g6 {[%clk 1:30:30]} 9. O-O-O {[%clk 1:30:30]} Bg7 {[%clk
1:30:30]} 10. Rhe1 {[%clk 1:30:30]} O-O {[%clk 1:30:30]} 11. Qd3 {[%clk 1:30:30]}
Rb8 {[%clk 1:30:30]} 12. Qe2 {[%clk 1:30:30]} Qc7 {[%clk 1:30:30]} 13. Nd4 {[%clk
1:30:30]} Bd7 {[%clk 1:30:30]} 14. Bxf6 {[%clk 1:30:30]} exf6 {[%clk 1:30:30]}
15. Ndb5 {[%clk 1:30:30]} Bxb5 {[%clk 1:30:30]} 16. Nxb5 {[%clk 1:30:30]} Qa5
{[%clk 1:30:30]} 17. a3 {[%clk 1:30:30]} Rfc8 {[%clk 1:30:30]} 18. Rxd6 {[%clk
1:30:30]} a6 {[%clk 1:30:30]} 19. Nc3 {[%clk 1:30:30]} Rxc3 {[%clk 1:30:30]} 20.
Rd5 {[%clk 1:30:30]} Rc5 {[%clk 1:30:30]} 21. Rd7 {[%clk 1:30:30]} Qb5 {[%clk
1:30:30]} 22. Qd2 {[%clk 1:30:30]} Re5 {[%clk 1:30:30]} 23. Qd6 {[%clk 1:30:30]}
Ree8 {[%clk 1:30:30]} 24. Rd1 {[%clk 1:30:30]} Qe5 {[%clk 1:30:30]} 25. Qb4
{[%clk 1:30:30]} Qxe4 {[%clk 1:30:30]} 26. Qb3 {[%clk 1:30:30]} Qe6 {[%clk
1:30:30]} 27. R1d5 {[%clk 1:30:30]} b5 {[%clk 1:30:30]} 28. Kb1 {[%clk 1:30:30]}
Rf8 {[%clk 1:30:30]} 29. Qb4 {[%clk 1:30:30]} Rbe8 {[%clk 1:30:30]} 0-1

[Event "Campeonato España Sub 12"]
[Site "Salobreña"]
[Date "2017.07.14"]
[Round "8"]
[White "Prellezo Ursueguia, Jose Luis"]
[Black "Linan Molina, Daniel"]
[Result "0-1"]
[Board "23"]
[WhiteElo "1432"]
[WhiteCountry "ESP"]
[WhiteFideId "32079109"]
[WhiteEloChange "-7"]
[BlackElo "1539"]
[BlackCountry "ESP"]
[BlackFideId "24539341"]
[BlackEloChange "7"]

1. e4 {[%clk 1:30:30]} c6 {[%clk 1:30:30]} 2. d4 {[%clk 1:30:30]} d5 {[%clk
1:30:30]} 3. Nc3 {[%clk 1:30:30]} dxe4 {[%clk 1:30:30]} 4. f3 {[%clk 1:30:30]}
exf3 {[%clk 1:30:30]} 5. Nxf3 {[%clk 1:30:30]} Bg4 {[%clk 1:30:30]} 6. Bc4 {[%clk
1:30:30]} e6 {[%clk 1:30:30]} 7. O-O {[%clk 1:30:30]} Nf6 {[%clk 1:30:30]} 8. Bg5
{[%clk 1:30:30]} Be7 {[%clk 1:30:30]} 9. Qd2 {[%clk 1:30:30]} Nbd7 {[%clk
1:30:30]} 10. Rad1 {[%clk 1:30:30]} Nb6 {[%clk 1:30:30]} 11. Bb3 {[%clk 1:30:30]}
Nfd5 {[%clk 1:30:30]} 12. Qf2 {[%clk 1:30:30]} Bxg5 {[%clk 1:30:30]} 13. Nxg5
{[%clk 1:30:30]} Qxg5 {[%clk 1:30:30]} 14. Qxf7+ {[%clk 1:30:30]} Kd8 {[%clk
1:30:30]} 15. Nxd5 {[%clk 1:30:30]} cxd5 {[%clk 1:30:30]} 16. Rde1 {[%clk
1:30:30]} Qe7 {[%clk 1:30:30]} 17. Qf4 {[%clk 1:30:30]} Bf5 {[%clk 1:30:30]} 18.
Qe5 {[%clk 1:30:30]} Qc7 {[%clk 1:30:30]} 19. Qe3 {[%clk 1:30:30]} Nc4 {[%clk
1:30:30]} 20. Qg5+ {[%clk 1:30:30]} Kc8 {[%clk 1:30:30]} 21. Bxc4 {[%clk
1:30:30]} Qxc4 {[%clk 1:30:30]} 22. Qxg7 {[%clk 1:30:30]} Rd8 {[%clk 1:30:30]}
23. Re3 {[%clk 1:30:30]} Rd7 {[%clk 1:30:30]} 24. Qf8+ {[%clk 1:30:30]} Kc7
{[%clk 1:30:30]} 25. Qxa8 {[%clk 1:30:30]} Qxd4 {[%clk 1:30:30]} 26. Kh1 {[%clk
1:30:30]} Qxe3 {[%clk 1:30:30]} 27. Qf8 {[%clk 1:30:30]} b6 {[%clk 1:30:30]} 0-1

[Event "Campeonato España Sub 12"]
[Site "Salobreña"]
[Date "2017.07.14"]
[Round "8"]
[White "Lopez Nunez, Alonso"]
[Black "Portero Bravo, Aitana"]
[Result "1-0"]
[Board "24"]
[WhiteElo "1388"]
[WhiteCountry "ESP"]
[WhiteFideId "24544213"]
[WhiteEloChange "11"]
[BlackElo "1421"]
[BlackCountry "ESP"]
[BlackFideId "32092008"]
[BlackEloChange "-11"]

1. d4 {[%clk 1:30:30]} Nf6 {[%clk 1:30:30]} 2. Nf3 {[%clk 1:30:30]} e6 {[%clk
1:30:30]} 3. Bf4 {[%clk 1:30:30]} b6 {[%clk 1:30:30]} 4. e3 {[%clk 1:30:30]} Bb7
{[%clk 1:30:30]} 5. c3 {[%clk 1:30:30]} Be7 {[%clk 1:30:30]} 6. Nbd2 {[%clk
1:30:30]} O-O {[%clk 1:30:30]} 7. Bd3 {[%clk 1:30:30]} d5 {[%clk 1:30:30]} 8. O-O
{[%clk 1:30:30]} Nbd7 {[%clk 1:30:30]} 9. Qc2 {[%clk 1:30:30]} h6 {[%clk
1:30:30]} 10. h3 {[%clk 1:30:30]} c5 {[%clk 1:30:30]} 11. a4 {[%clk 1:30:30]} a6
{[%clk 1:30:30]} 12. Rfe1 {[%clk 1:30:30]} Rc8 {[%clk 1:30:30]} 13. Ne5 {[%clk
1:30:30]} c4 {[%clk 1:30:30]} 14. Be2 {[%clk 1:30:30]} Ne4 {[%clk 1:30:30]} 15.
Nxe4 {[%clk 1:30:30]} dxe4 {[%clk 1:30:30]} 16. Nxc4 {[%clk 1:30:30]} Bd5 {[%clk
1:30:30]} 17. Nd2 {[%clk 1:30:30]} Nf6 {[%clk 1:30:30]} 18. Bxa6 {[%clk 1:30:30]}
Ra8 {[%clk 1:30:30]} 19. Be2 {[%clk 1:30:30]} Qd7 {[%clk 1:30:30]} 20. Be5 {[%clk
1:30:30]} Qb7 {[%clk 1:30:30]} 21. Bc4 {[%clk 1:30:30]} Bc6 {[%clk 1:30:30]} 22.
Qb3 {[%clk 1:30:30]} Qa7 {[%clk 1:30:30]} 23. Bb5 {[%clk 1:30:30]} Bb7 {[%clk
1:30:30]} 24. Qc2 {[%clk 1:30:30]} Nd5 {[%clk 1:30:30]} 25. Nxe4 {[%clk 1:30:30]}
Rfd8 {[%clk 1:30:30]} 26. Nd2 {[%clk 1:30:30]} Rac8 {[%clk 1:30:30]} 27. Rec1
{[%clk 1:30:30]} Nb4 {[%clk 1:30:30]} 28. Qb3 {[%clk 1:30:30]} Nc6 {[%clk
1:30:30]} 29. Nc4 {[%clk 1:30:30]} Na5 {[%clk 1:30:30]} 30. Nxa5 {[%clk 1:30:30]}
bxa5 {[%clk 1:30:30]} 31. Qd1 {[%clk 1:30:30]} Be4 {[%clk 1:30:30]} 32. Bd3
{[%clk 1:30:30]} Ba8 {[%clk 1:30:30]} 33. Qd2 {[%clk 1:30:30]} f6 {[%clk
1:30:30]} 34. Bh2 {[%clk 1:30:30]} Kh8 {[%clk 1:30:30]} 35. Qe2 {[%clk 1:30:30]}
Qb7 {[%clk 1:30:30]} 36. f3 {[%clk 1:30:30]} Qd7 {[%clk 1:30:30]} 37. Bb5 {[%clk
1:30:30]} Qa7 {[%clk 1:30:30]} 38. Qd2 {[%clk 1:30:30]} e5 {[%clk 1:30:30]} 39.
Qe1 {[%clk 1:30:30]} exd4 {[%clk 1:30:30]} 40. exd4 {[%clk 1:30:30]} Bf8 {[%clk
1:30:30]} 41. Kh1 {[%clk 1:30:30]} Qb6 {[%clk 1:30:30]} 42. Qd2 {[%clk 1:30:30]}
Bd5 {[%clk 1:30:30]} 43. c4 {[%clk 1:30:30]} Bf7 {[%clk 1:30:30]} 44. d5 {[%clk
1:30:30]} Bb4 {[%clk 1:30:30]} 45. Qd3 {[%clk 1:30:30]} Qc5 {[%clk 1:30:30]} 46.
Bg1 {[%clk 1:30:30]} Qc7 {[%clk 1:30:30]} 47. Rd1 {[%clk 1:30:30]} Qd6 {[%clk
1:30:30]} 48. Rac1 {[%clk 1:30:30]} Bg8 {[%clk 1:30:30]} 49. Bh2 {[%clk 1:30:30]}
Qb6 {[%clk 1:30:30]} 50. b3 {[%clk 1:30:30]} Ba3 {[%clk 1:30:30]} 51. Ra1 {[%clk
1:30:30]} Bb4 {[%clk 1:30:30]} 52. Bg1 {[%clk 1:30:30]} Qd6 {[%clk 1:30:30]} 53.
Qe3 {[%clk 1:30:30]} Bc5 {[%clk 1:30:30]} 54. Qe2 {[%clk 1:30:30]} Bb4 {[%clk
1:30:30]} 55. Bc6 {[%clk 1:30:30]} Bc3 {[%clk 1:30:30]} 56. Ra2 {[%clk 1:30:30]}
Bb4 {[%clk 1:30:30]} 57. Bb7 {[%clk 1:30:30]} Re8 {[%clk 1:30:30]} 58. Qf2 {[%clk
1:30:30]} Bc5 {[%clk 1:30:30]} 59. Qf1 {[%clk 1:30:30]} Rcd8 {[%clk 1:30:30]} 60.
Bc6 {[%clk 1:30:30]} Rf8 {[%clk 1:30:30]} 61. Bxc5 {[%clk 1:30:30]} Qxc5 {[%clk
1:30:30]} 62. Qd3 {[%clk 1:30:30]} Bh7 {[%clk 1:30:30]} 63. Qd2 {[%clk 1:30:30]}
Rd6 {[%clk 1:30:30]} 64. Qd4 {[%clk 1:30:30]} Qxd4 {[%clk 1:30:30]} 65. Rxd4
{[%clk 1:30:30]} Rfd8 {[%clk 1:30:30]} 66. Rad2 {[%clk 1:30:30]} f5 {[%clk
1:30:30]} 67. c5 {[%clk 1:30:30]} Rf6 {[%clk 1:30:30]} 68. d6 {[%clk 1:30:30]}
Bg8 {[%clk 1:30:30]} 69. Bd5 {[%clk 1:30:30]} Bh7 {[%clk 1:30:30]} 70. Bc4 {[%clk
1:30:30]} Bg8 {[%clk 1:30:30]} 71. Bxg8 {[%clk 1:30:30]} Kxg8 {[%clk 1:30:30]}
72. c6 {[%clk 1:30:30]} Rff8 {[%clk 1:30:30]} 73. c7 {[%clk 1:30:30]} Rd7 {[%clk
1:30:30]} 74. Rd5 {[%clk 1:30:30]} Kf7 {[%clk 1:30:30]} 75. Rb5 {[%clk 1:30:30]}
Ke6 {[%clk 1:30:30]} 76. Rb8 {[%clk 1:30:30]} Rxd6 {[%clk 1:30:30]} 77. Rxd6+
{[%clk 1:30:30]} Kxd6 {[%clk 1:30:30]} 78. Rxf8 {[%clk 1:30:30]} Kxc7 {[%clk
1:30:30]} 79. Rxf5 {[%clk 1:30:30]} Kb6 {[%clk 1:30:30]} 80. Kg1 {[%clk 1:30:30]}
Ka6 {[%clk 1:30:30]} 81. Kf2 {[%clk 1:30:30]} Kb6 {[%clk 1:30:30]} 82. Ke3 {[%clk
1:30:30]} g6 {[%clk 1:30:30]} 83. Re5 {[%clk 1:30:30]} g5 {[%clk 1:30:30]} 84.
Kd4 {[%clk 1:30:30]} h5 {[%clk 1:30:30]} 85. Re6+ {[%clk 1:30:30]} Kc7 {[%clk
1:30:30]} 86. Kd5 {[%clk 1:30:30]} Kb7 {[%clk 1:30:30]} 87. Kc5 {[%clk 1:30:30]}
g4 {[%clk 1:30:30]} 88. fxg4 {[%clk 1:30:30]} hxg4 {[%clk 1:30:30]} 89. hxg4
{[%clk 1:30:30]} Ka7 {[%clk 1:30:30]} 90. Kb5 {[%clk 1:30:30]} Kb7 {[%clk
1:30:30]} 91. Re7+ {[%clk 1:30:30]} Kb8 {[%clk 1:30:30]} 92. Kc6 {[%clk 1:30:30]}
Ka8 {[%clk 1:30:30]} 93. Kb6 {[%clk 1:30:30]} Kb8 {[%clk 1:30:30]} 94. Re8#
{[%clk 1:30:30]} 1-0

[Event "Campeonato España Sub 12"]
[Site "Salobreña"]
[Date "2017.07.14"]
[Round "8"]
[White "Garcia Caro, Juan Alber"]
[Black "Perez Garcia, Jimena"]
[Result "0-1"]
[Board "25"]
[WhiteElo "1355"]
[WhiteCountry "ESP"]
[WhiteFideId "24585386"]
[WhiteEloChange "-5"]
[BlackElo "1551"]
[BlackCountry "ESP"]
[BlackFideId "24517127"]
[BlackEloChange "5"]

1. e4 {[%clk 1:30:30]} c5 {[%clk 1:30:30]} 2. Nf3 {[%clk 1:30:30]} d6 {[%clk
1:30:30]} 3. d4 {[%clk 1:30:30]} cxd4 {[%clk 1:30:30]} 4. Nxd4 {[%clk 1:30:30]}
Nf6 {[%clk 1:30:30]} 5. Nc3 {[%clk 1:30:30]} a6 {[%clk 1:30:30]} 6. Bg5 {[%clk
1:30:30]} Qb6 {[%clk 1:30:30]} 7. Qd2 {[%clk 1:30:30]} Qxb2 {[%clk 1:30:30]} 8.
Nb3 {[%clk 1:30:30]} Nc6 {[%clk 1:30:30]} 9. a3 {[%clk 1:30:30]} Na5 {[%clk
1:30:30]} 10. Ra2 {[%clk 1:30:30]} Nxb3 {[%clk 1:30:30]} 11. Qd3 {[%clk 1:30:30]}
Nc1 {[%clk 1:30:30]} 12. Rxb2 {[%clk 1:30:30]} Nxd3+ {[%clk 1:30:30]} 13. Bxd3
{[%clk 1:30:30]} e6 {[%clk 1:30:30]} 14. O-O {[%clk 1:30:30]} Be7 {[%clk
1:30:30]} 15. Na4 {[%clk 1:30:30]} O-O {[%clk 1:30:30]} 16. Nb6 {[%clk 1:30:30]}
Rb8 {[%clk 1:30:30]} 17. Rfb1 {[%clk 1:30:30]} h6 {[%clk 1:30:30]} 18. Bd2 {[%clk
1:30:30]} e5 {[%clk 1:30:30]} 19. Nxc8 {[%clk 1:30:30]} Rfxc8 {[%clk 1:30:30]}
20. Bxa6 {[%clk 1:30:30]} Nxe4 {[%clk 1:30:30]} 21. Bxb7 {[%clk 1:30:30]} Rc4
{[%clk 1:30:30]} 22. Bxe4 {[%clk 1:30:30]} Rxb2 {[%clk 1:30:30]} 23. Rxb2 {[%clk
1:30:30]} Rxe4 {[%clk 1:30:30]} 24. f3 {[%clk 1:30:30]} Rc4 {[%clk 1:30:30]} 25.
Bb4 {[%clk 1:30:30]} Rc6 {[%clk 1:30:30]} 26. c3 {[%clk 1:30:30]} Bg5 {[%clk
1:30:30]} 27. Kf2 {[%clk 1:30:30]} Kf8 {[%clk 1:30:30]} 28. g3 {[%clk 1:30:30]}
Ke7 {[%clk 1:30:30]} 29. h4 {[%clk 1:30:30]} Bf6 {[%clk 1:30:30]} 30. a4 {[%clk
1:30:30]} e4 {[%clk 1:30:30]} 31. Rb3 {[%clk 1:30:30]} exf3 {[%clk 1:30:30]} 32.
Kxf3 {[%clk 1:30:30]} Ke6 {[%clk 1:30:30]} 33. a5 {[%clk 1:30:30]} Ra6 {[%clk
1:30:30]} 34. Rb1 {[%clk 1:30:30]} Rc6 {[%clk 1:30:30]} 35. Rb3 {[%clk 1:30:30]}
Kd5 {[%clk 1:30:30]} 36. Ke3 {[%clk 1:30:30]} Be5 {[%clk 1:30:30]} 37. g4 {[%clk
1:30:30]} Bf6 {[%clk 1:30:30]} 38. h5 {[%clk 1:30:30]} Kc4 {[%clk 1:30:30]} 39.
Ra3 {[%clk 1:30:30]} Bg5+ {[%clk 1:30:30]} 40. Ke2 {[%clk 1:30:30]} Bc1 {[%clk
1:30:30]} 41. Ra1 {[%clk 1:30:30]} Bb2 {[%clk 1:30:30]} 42. Rb1 {[%clk 1:30:30]}
Kb3 {[%clk 1:30:30]} 43. Kd3 {[%clk 1:30:30]} f6 {[%clk 1:30:30]} 44. Re1 {[%clk
1:30:30]} Bxc3 {[%clk 1:30:30]} 45. Rb1+ {[%clk 1:30:30]} Bb2 {[%clk 1:30:30]}
46. a6 {[%clk 1:30:30]} Ka2 {[%clk 1:30:30]} 47. a7 {[%clk 1:30:30]} Ra6 {[%clk
1:30:30]} 48. Kc2 {[%clk 1:30:30]} Bd4 {[%clk 1:30:30]} 49. Rd1 {[%clk 1:30:30]}
Be5 {[%clk 1:30:30]} 50. Bc3 {[%clk 1:30:30]} Bxc3 {[%clk 1:30:30]} 51. Rxd6
{[%clk 1:30:30]} Rxa7 {[%clk 1:30:30]} 52. Kxc3 {[%clk 1:30:30]} Kb1 {[%clk
1:30:30]} 53. Rd4 {[%clk 1:30:30]} Kc1 {[%clk 1:30:30]} 54. Kb4 {[%clk 1:30:30]}
Re7 {[%clk 1:30:30]} 55. Kc5 {[%clk 1:30:30]} Re5+ {[%clk 1:30:30]} 56. Kc6
{[%clk 1:30:30]} Rg5 {[%clk 1:30:30]} 57. Kd6 {[%clk 1:30:30]} Re5 {[%clk
1:30:30]} 58. Kd7 {[%clk 1:30:30]} Kc2 {[%clk 1:30:30]} 59. Kd6 {[%clk 1:30:30]}
Kc3 {[%clk 1:30:30]} 60. Ra4 {[%clk 1:30:30]} Kd3 {[%clk 1:30:30]} 61. Ra7 {[%clk
1:30:30]} Rg5 {[%clk 1:30:30]} 62. Ra4 {[%clk 1:30:30]} Ke3 {[%clk 1:30:30]} 63.
Ke6 {[%clk 1:30:30]} Kf3 {[%clk 1:30:30]} 64. Kf7 {[%clk 1:30:30]} Rxg4 {[%clk
1:30:30]} 65. Ra5 {[%clk 1:30:30]} Rg5 {[%clk 1:30:30]} 66. Ra6 {[%clk 1:30:30]}
Kg4 {[%clk 1:30:30]} 67. Ra1 {[%clk 1:30:30]} Kxh5 {[%clk 1:30:30]} 68. Ke6
{[%clk 1:30:30]} Kg6 {[%clk 1:30:30]} 69. Rf1 {[%clk 1:30:30]} h5 {[%clk
1:30:30]} 70. Kd6 {[%clk 1:30:30]} h4 {[%clk 1:30:30]} 71. Rh1 {[%clk 1:30:30]}
Rh5 {[%clk 1:30:30]} 72. Rg1+ {[%clk 1:30:30]} Kh6 {[%clk 1:30:30]} 73. Ke6
{[%clk 1:30:30]} Rg5 {[%clk 1:30:30]} 74. Rh1 {[%clk 1:30:30]} Kh5 {[%clk
1:30:30]} 0-1

[Event "Campeonato España Sub 12"]
[Site "Salobreña"]
[Date "2017.07.15"]
[Round "9"]
[White "Fernandez Lopez, Ruben"]
[Black "Lopez Varela, Pablo"]
[Result "1/2-1/2"]
[Board "1"]
[WhiteClock "n/a"]
[WhiteElo "1982"]
[WhiteCountry "ESP"]
[WhiteFideId "24518298"]
[WhiteEloChange "-6"]
[BlackClock "n/a"]
[BlackElo "1724"]
[BlackCountry "ESP"]
[BlackFideId "32092105"]
[BlackEloChange "6"]

1. e4 {[%clk 1:30:30]} e5 {[%clk 1:30:30]} 2. Nf3 {[%clk 1:30:30]} d6 {[%clk
1:30:30]} 3. d4 {[%clk 1:30:30]} Nf6 {[%clk 1:30:00]} 4. Nc3 {[%clk 1:30:30]}
Nbd7 {[%clk 1:30:00]} 5. g3 {[%clk 1:30:00]} Be7 {[%clk 1:30:00]} 6. Bg2 {[%clk
1:30:00]} O-O {[%clk 1:30:00]} 7. O-O {[%clk 1:29:29]} c6 {[%clk 1:30:00]} 8. Re1
{[%clk 1:28:59]} Re8 {[%clk 1:30:00]} 9. h3 {[%clk 1:27:29]} h6 {[%clk 1:30:00]}
10. Be3 {[%clk 1:24:01]} Qc7 {[%clk 1:29:28]} 11. Qd2 {[%clk 1:24:01]} Bf8 {[%clk
1:27:59]} 12. Rad1 {[%clk 1:23:30]} exd4 {[%clk 1:22:29]} 13. Nxd4 {[%clk
1:23:30]} Ne5 {[%clk 1:22:29]} 14. b3 {[%clk 1:22:00]} b6 {[%clk 1:13:59]} 15. f4
{[%clk 1:21:30]} Ned7 {[%clk 1:13:31]} 16. Nxc6 {[%clk 1:18:59]} Bb7 {[%clk
1:10:01]} 17. Nd4 {[%clk 1:14:29]} Bxe4 {[%clk 1:03:30]} 18. Nxe4 {[%clk
1:14:29]} Nxe4 {[%clk 1:03:00]} 19. Bxe4 {[%clk 1:13:59]} Rxe4 {[%clk 1:02:31]}
20. Nb5 {[%clk 1:13:59]} Qc6 {[%clk 1:02:00]} 21. Nxd6 {[%clk 1:13:59]} Re6
{[%clk 0:58:31]} 22. Nxf7 {[%clk 1:13:28]} Qf3 {[%clk 0:56:01]} 23. Bf2 {[%clk
1:12:57]} Rxe1+ {[%clk 0:55:31]} 24. Rxe1 {[%clk 1:12:57]} Bc5 {[%clk 0:54:02]}
25. Ne5 {[%clk 0:53:27]} Qxg3+ {[%clk 0:48:32]} 26. Kf1 {[%clk 0:53:27]} Qxh3+
{[%clk 0:48:02]} 27. Kg1 {[%clk 0:51:56]} Qg3+ {[%clk 0:47:33]} 28. Kf1 {[%clk
0:51:56]} Qh3+ {[%clk 0:47:33]} 29. Kg1 {[%clk 0:51:56]} Qg3+ {[%clk 0:47:03]}
30. Kf1 {[%clk 0:51:56]} Qh3+ {[%clk 0:47:03]} 1/2-1/2